| 000 | 01532cam a2200241 4500 | ||
|---|---|---|---|
| 001 | ABS63080 | ||
| 008 | 000000n2000 000 0 eng u | ||
| 035 | _a(Sirsi) u109009 | ||
| 100 | _aKochan, B. | ||
| 245 | _aStrategic partnerships key to unlocking neighbourhood fund | ||
| 260 | _c2000 | ||
| 490 |
_aUrban Environment Today _v(107) 19 October 2000, 11(1) |
||
| 520 | _aLooks at the Neighbourhood Renewal Fund. This aims to provide extra money for local authorities in the most deprived areas to spend on services which deliver real improvements for the community, such as crime prevention programmes. Provides a listing of those LAs due to receive funding, with indicative allocations for 2001/2002, along with regional allocations. Under recently published draft regulations, the 88 LAs due to receive additional allocations from the Fund will be required to set up Local Strategic Partnerships involving key local agencies. Funds are not guaranteed to authorities unless these partnerships are in place. Discusses the new DETR guidance for setting up partnerships and accessing the fund. Copies of "Local Strategic Partnerships: Consultation Document" and "The Neighbourhood Renewal Fund: Consultation Document" are available on the DETR's website: www.detr.gov.uk | ||
| 590 | _aABS | ||
| 650 | _aNEIGHBOURHOOD RENEWAL FUND | ||
| 650 | _aSTRATEGIC PARTNERING | ||
| 650 | _aPOVERTY | ||
| 650 | _aDEPRIVATION | ||
| 650 | _aFUNDING | ||
| 650 | _aLOCAL AUTHORITIES | ||
| 690 | _aREGENERATION | ||
| 942 | _n0 | ||
| 999 |
_c65105 _d65105 |
||